[Event "Pere Noel U1800"]
[Site "Montreal CAN"]
[Date "2013.12.29"]
[Round "4"]
[White "Luo, Alan"]
[Black "Kay, Sang Kill"]
[Result "0-1"]
[WhiteElo "1644"]
[BlackElo "1370"]
[PlyCount "44"]
[GameId "2160767909208141"]
[EventDate "2013.12.26"]
[EventType "swiss"]
[EventRounds "5"]
[EventCountry "CAN"]
[SourceTitle "EXT 2022"]
[Source "ChessBase"]
[SourceDate "2021.10.06"]
[SourceVersion "1"]
[SourceVersionDate "2021.10.06"]
[SourceQuality "1"]

1. e4 e6 2. d4 d5 3. exd5 exd5 4. c4 Nf6 5. Nc3 Bb4 6. Bd2 O-O 7. Nf3 Re8+ 8. Be2 dxc4 9. Qa4 Qe7 10. Qd1 Nc6 11. h3 Bxc3 12. bxc3 b5 13. Rb1 a6 14. Rb2 Nd5 15. Rc2 Bf5 16. Rb2 f6 17. Kf1 Qa3 18. Qc1 Rxe2 19. Kxe2 Bd3+ 20. Kd1 Qa4+ 21. Rc2 b4 22. Qb2 bxc3 0-1

[Event "Pere Noel U1800"]
[Site "Montreal CAN"]
[Date "2013.12.29"]
[Round "4"]
[White "Ndambakuwa, Victor"]
[Black "O'Connor, Michael"]
[Result "0-1"]
[WhiteElo "1574"]
[BlackElo "1703"]
[PlyCount "44"]
[GameId "2160767909208142"]
[EventDate "2013.12.26"]
[EventType "swiss"]
[EventRounds "5"]
[EventCountry "CAN"]
[SourceTitle "hb 2013"]

1. d4 d5 2. Bg5 Nf6 3. Bxf6 exf6 4. e3 Bd6 5. Bd3 Nd7 6. Nd2 O-O 7. Qh5 g6 8. Qxd5 Nb6 9. Qf3 f5 10. Ne2 c6 11. c4 Nd7 12. a3 a5 13. b3 Nf6 14. h3 Re8 15. Nc3 Rb8 16. O-O Bd7 17. c5 Bc7 18. Bc4 Qe7 19. b4 axb4 20. axb4 b5 21. Bb3 Ra8 22. d5 Qe5 0-1

[Event "Pere Noel U1800"]
[Site "Montreal CAN"]
[Date "2013.12.29"]
[Round "4"]
[White "Steinberg, Ellis"]
[Black "Medawar, Jean-Marc"]
[Result "1-0"]
[WhiteElo "1683"]
[BlackElo "1715"]
[PlyCount "55"]
[GameId "2160767909208143"]
[EventDate "2013.12.26"]
[EventType "swiss"]
[EventRounds "5"]
[EventCountry "CAN"]
[SourceTitle "hb 2013"]

1. e4 e5 2. Nf3 Nf6 3. d3 d6 4. Be2 Be7 5. O-O O-O 6. c3 Nc6 7. b4 a6 8. Bb2 Re8 9. a3 b5 10. Qc2 Bf8 11. Nbd2 d5 12. c4 bxc4 13. dxc4 d4 14. Ne1 Bb7 15. f4 exf4 16. Rxf4 Bd6 17. Rf1 Be5 18. Nd3 Na7 19. Nxe5 Rxe5 20. Bd3 Ng4 21. Nf3 Ne3 22. Qb1 Nxf1 23. Nxe5 f6 24. Nf3 Nxh2 25. Nxh2 h6 26. Nf3 Nc6 27. Qf1 Ne5 28. Rd1 1-0

[Event "Pere Noel U1800"]
[Site "Montreal CAN"]
[Date "2013.12.29"]
[Round "4"]
[White "Zumsteg, Nicolas"]
[Black "Baran, Marius"]
[Result "1/2-1/2"]
[WhiteElo "1581"]
[BlackElo "1611"]
[PlyCount "122"]
[GameId "2160767909208144"]
[EventDate "2013.12.26"]
[EventType "swiss"]
[EventRounds "5"]
[EventCountry "CAN"]
[SourceTitle "hb 2013"]

1. d4 d5 2. c4 e6 3. Nc3 Nf6 4. Nf3 Nbd7 5. cxd5 exd5 6. a3 c6 7. Bg5 Be7 8. e3 h6 9. Bh4 Ne4 10. Nxe4 dxe4 11. Bxe7 Qxe7 12. Nd2 Nf6 13. Qc2 O-O 14. Be2 Re8 15. O-O-O Bg4 16. Rhe1 Bxe2 17. Rxe2 Nd5 18. Nb1 Rac8 19. Qc5 b6 20. Qxe7 Rxe7 21. Rc2 Rec7 22. Rdd2 c5 23. dxc5 Rxc5 24. Rxc5 Rxc5+ 25. Rc2 Rxc2+ 26. Kxc2 f5 27. Nc3 Nc7 28. Kb3 Kf7 29. Kc4 g5 30. Nb5 Ne6 31. Nxa7 f4 32. Nc8 Nc5 33. exf4 gxf4 34. b4 e3 35. fxe3 fxe3 36. Kc3 Na4+ 37. Kd3 Ke6 38. Kxe3 Kd7 39. Na7 Nc3 40. Kd3 Nd5 41. g4 Nf4+ 42. Ke4 Nh3 43. Kf5 Nf2 44. h4 Nd1 45. Kg6 Ne3 46. g5 hxg5 47. hxg5 Ke6 48. a4 Nd5 49. a5 bxa5 50. bxa5 Nf4+ 51. Kh6 Kd5 52. a6 Kc5 53. Nc8 Kc6 54. Ne7+ Kb6 55. Nd5+ Nxd5 56. Kg6 Kxa6 57. Kf5 Kb6 58. Ke5 Kc6 59. g6 Ne7 60. g7 Kd7 61. Kf6 Ke8 1/2-1/2

[Event "Pere Noel U1800"]
[Site "Montreal CAN"]
[Date "2013.12.30"]
[Round "5"]
[White "Alcantara, Maximo jr"]
[Black "Steinberg, Ellis"]
[Result "1/2-1/2"]
[WhiteElo "1656"]
[BlackElo "1683"]
[PlyCount "99"]
[GameId "2160767909208145"]
[EventDate "2013.12.26"]
[EventType "swiss"]
[EventRounds "5"]
[EventCountry "CAN"]
[SourceTitle "hb 2013"]

1. e4 g6 2. d4 Bg7 3. Nf3 d6 4. Bc4 Nf6 5. Nc3 c6 6. Bb3 O-O 7. O-O b5 8. a3 Nbd7 9. Re1 Qc7 10. Bf4 e5 11. dxe5 dxe5 12. Be3 Bb7 13. Qe2 a6 14. Rad1 Rad8 15. h3 c5 16. Nd5 Bxd5 17. Bxd5 Nb6 18. b4 Nbxd5 19. exd5 Nxd5 20. Bxc5 Nc3 21. Qf1 Rxd1 22. Rxd1 Nxd1 23. Bxf8 Ne3 24. fxe3 Bxf8 25. Qd3 Qd6 26. Qxd6 Bxd6 27. Nd2 f5 28. c4 bxc4 29. Nxc4 Bc7 30. Kf2 Kf7 31. Ke2 Ke6 32. Kd3 Kd5 33. Nd2 e4+ 34. Ke2 Be5 35. Nb3 Bb2 36. Nc5 Bxa3 37. Nxa6 Kc4 38. Nc5 Bxb4 39. Nd7 Be7 40. Nb6+ Kc5 41. Na4+ Kd6 42. Nb6 Ke6 43. Nc4 Kf6 44. Nd2 Kg5 45. Nf1 Kh4 46. Kf2 Bd6 47. Ke2 g5 48. Kf2 g4 49. hxg4 fxg4 50. Nd2 1/2-1/2

[Event "Pere Noel U1800"]
[Site "Montreal CAN"]
[Date "2013.12.30"]
[Round "5"]
[White "Baran, Marius"]
[Black "O'Connor, Michael"]
[Result "0-1"]
[WhiteElo "1611"]
[BlackElo "1703"]
[PlyCount "72"]
[GameId "2160767909208146"]
[EventDate "2013.12.26"]
[EventType "swiss"]
[EventRounds "5"]
[EventCountry "CAN"]
[SourceTitle "hb 2013"]

1. d4 Nf6 2. c4 e6 3. Nc3 d5 4. Bg5 Nbd7 5. Nf3 c6 6. e3 Qa5 7. Bxf6 Nxf6 8. Nd2 Bb4 9. Qc2 O-O 10. Nb3 Qd8 11. c5 e5 12. a3 exd4 13. axb4 dxc3 14. bxc3 Ne4 15. Nd4 Qg5 16. Rg1 Re8 17. Bd3 h6 18. O-O-O a5 19. Kb2 axb4 20. cxb4 Qf6 21. Rgf1 Bd7 22. Ra1 Qe5 23. Rxa8 Rxa8 24. Ra1 Rxa1 25. Kxa1 Qxh2 26. f3 Qg1+ 27. Kb2 Qxe3 28. Ne2 Nf2 29. Bh7+ Kf8 30. Nc3 g6 31. Bxg6 fxg6 32. Qxg6 Qe6 33. Qg3 Nd3+ 34. Kc2 Nxb4+ 35. Kd2 Qf6 36. Ne2 Qg5+ 0-1

[Event "Pere Noel U1800"]
[Site "Montreal CAN"]
[Date "2013.12.30"]
[Round "5"]
[White "Kay, Sang Kill"]
[Black "Johnson-Constantin, Mathieu"]
[Result "1-0"]
[WhiteElo "1370"]
[BlackElo "1633"]
[PlyCount "53"]
[GameId "2160767909208147"]
[EventDate "2013.12.26"]
[EventType "swiss"]
[EventRounds "5"]
[EventCountry "CAN"]
[SourceTitle "EXT 2022"]
[Source "ChessBase"]
[SourceDate "2021.10.06"]
[SourceVersion "1"]
[SourceVersionDate "2021.10.06"]
[SourceQuality "1"]

1. e4 e6 2. d4 d5 3. exd5 exd5 4. c4 Nc6 5. Nf3 Bg4 6. Be3 Nf6 7. Qb3 Bb4+ 8. Nbd2 Qe7 9. cxd5 Bxf3 10. dxc6 Bxc6 11. O-O-O O-O-O 12. Bc4 Nd5 13. Rhe1 Rhe8 14. Re2 b5 15. Bd3 Qd7 16. Nf3 f6 17. Bxh7 Qg4 18. Qc2 Ne7 19. Bd2 Bxd2+ 20. Rdxd2 Qxg2 21. Rxe7 Qxf3 22. Be4 Qf4 23. Qxc6 Rxe7 24. Qb7+ Kd7 25. Qxb5+ Ke6 26. Qc4+ Kd7 27. Bc6+ 1-0

[Event "Pere Noel U1800"]
[Site "Montreal CAN"]
[Date "2013.12.30"]
[Round "5"]
[White "Medawar, Jean-Marc"]
[Black "Salazar, Andres Felipe"]
[Result "0-1"]
[WhiteElo "1715"]
[BlackElo "1644"]
[PlyCount "46"]
[GameId "2160767909208148"]
[EventDate "2013.12.26"]
[EventType "swiss"]
[EventRounds "5"]
[EventCountry "CAN"]
[SourceTitle "EXT 2022"]
[Source "ChessBase"]
[SourceDate "2021.10.06"]
[SourceVersion "1"]
[SourceVersionDate "2021.10.06"]
[SourceQuality "1"]

1. d4 c5 2. e3 d5 3. c3 Nc6 4. f4 cxd4 5. exd4 Nf6 6. Nf3 Bg4 7. Bd3 e6 8. O-O Ne4 9. Qc2 f5 10. Ne5 h5 11. Qa4 Rc8 12. Nxc6 bxc6 13. Qxa7 Ng3 14. Re1 Rc7 15. Qb6 Bd6 16. Rxe6+ Kf7 17. Re1 h4 18. h3 Re8 19. Rxe8 Qxe8 20. Bd2 Re7 21. Na3 Bxf4 22. Bxf4 Re1+ 23. Kf2 Nh1# 0-1

[Event "Pere Noel U1800"]
[Site "Montreal CAN"]
[Date "2013.12.30"]
[Round "5"]
[White "Tremblay, Mario"]
[Black "Zumsteg, Nicolas"]
[Result "0-1"]
[WhiteElo "1594"]
[BlackElo "1581"]
[PlyCount "59"]
[GameId "2160767909208149"]
[EventDate "2013.12.26"]
[EventType "swiss"]
[EventRounds "5"]
[EventCountry "CAN"]
[SourceTitle "hb 2013"]

1. e4 e6 2. f4 d5 3. e5 c5 4. Nf3 Nc6 5. Bb5 Nge7 6. O-O a6 7. Bxc6+ Nxc6 8. Nc3 b5 9. d3 Bb7 10. Qe1 d4 11. Ne4 Nb4 12. Qf2 Be7 13. a3 Nd5 14. Nfg5 O-O 15. f5 exf5 16. Qxf5 g6 17. Qh3 h5 18. e6 f5 19. Nf7 Qb6 20. Rxf5 Qxe6 21. Nh6+ Kg7 22. Rf7+ Qxf7 23. Nxf7 Rxf7 24. Qd7 Raf8 25. Bh6+ Kxh6 26. Qxb7 Ne3 27. h3 Bd6 28. Nxd6 Rxb7 29. Nxb7 Rf2 30. Kxf2 0-1

[Event "Quebec Elite qual."]
[Site "Gatineau CAN"]
[Date "2013.01.15"]
[Round "1"]
[White "Arsenault, Yves"]
[Black "Raymond, Robert"]
[Result "1-0"]
[WhiteElo "1545"]
[BlackElo "1376"]
[PlyCount "153"]
[GameId "2160767909382039"]
[EventDate "2013.01.15"]
[EventType "swiss"]
[EventRounds "5"]
[EventCountry "CAN"]
[SourceTitle "EXT 2022"]
[Source "ChessBase"]
[SourceDate "2021.10.06"]
[SourceVersion "1"]
[SourceVersionDate "2021.10.06"]
[SourceQuality "1"]

1. e4 e5 2. Nf3 Nc6 3. Nc3 Nf6 4. d3 h6 5. b3 Bc5 6. Be2 O-O 7. O-O d6 8. Na4 Bb6 9. Nxb6 axb6 10. Bb2 Re8 11. c3 d5 12. Qd2 d4 13. cxd4 exd4 14. a3 Bg4 15. Rac1 Rc8 16. Rfe1 Bxf3 17. Bxf3 Ne5 18. Be2 c5 19. f4 Neg4 20. Bf3 Ne3 21. Qe2 Qd7 22. h3 Ned5 23. Qd2 Ne3 24. Ra1 Re7 25. Bc1 Ra8 26. Qf2 b5 27. Bxe3 dxe3 28. Rxe3 Qd4 29. Ree1 Qxf2+ 30. Kxf2 Rd8 31. Red1 Red7 32. Be2 Ne8 33. Rac1 b6 34. e5 Rd4 35. g3 Ra8 36. Ra1 Nc7 37. Bf3 Ra7 38. Bc6 b4 39. a4 f6 40. exf6 gxf6 41. Ra2 Rd6 42. Bf3 Ne6 43. Rb2 Nd4 44. Bh5 Kg7 45. Re1 Rdd7 46. g4 Re7 47. Rg1 Kf8 48. h4 Rg7 49. Re1 Rae7 50. Rh1 Ra7 51. Rg1 Rae7 52. g5 hxg5 53. hxg5 fxg5 54. Rg4 Ne6 55. fxg5 Rxg5 56. Rxg5 Nxg5 57. Kg3 Ne6 58. Rf2+ Kg7 59. Re2 Kf6 60. Bf3 Nd4 61. Rxe7 Kxe7 62. Bd5 Kd6 63. Bc4 b5 64. axb5 Kc7 65. Kf4 Kb6 66. Ke4 Nc2 67. Kd5 Na3 68. d4 cxd4 69. Kxd4 Nxb5+ 70. Bxb5 Kxb5 71. Kd5 Ka5 72. Kc4 Kb6 73. Kxb4 Kc6 74. Ka5 Kb7 75. b4 Kc7 76. Ka6 Kb8 77. b5 1-0

[Event "Quebec Elite qual."]
[Site "Gatineau CAN"]
[Date "2013.01.15"]
[Round "1"]
[White "Groleau, Gilles"]
[Black "Danilov, Alex"]
[Result "1-0"]
[WhiteElo "1918"]
[BlackElo "1693"]
[PlyCount "83"]
[GameId "2160767909382040"]
[EventDate "2013.01.15"]
[EventType "swiss"]
[EventRounds "5"]
[EventCountry "CAN"]
[SourceTitle "EXT 2022"]
[Source "ChessBase"]
[SourceDate "2021.10.06"]
[SourceVersion "1"]
[SourceVersionDate "2021.10.06"]
[SourceQuality "1"]

1. e4 c5 2. Nc3 Nc6 3. f4 d6 4. Nf3 Nf6 5. Bb5 Bd7 6. O-O Nd4 7. Bxd7+ Nxd7 8. d3 g6 9. Nxd4 cxd4 10. Ne2 Bg7 11. c3 dxc3 12. bxc3 O-O 13. Be3 Qa5 14. Qb3 b6 15. d4 Rac8 16. e5 dxe5 17. fxe5 e6 18. Rf3 Qa6 19. Ng3 Qb7 20. Raf1 Qd5 21. Bg5 Rc7 22. Qxd5 exd5 23. Ne2 h6 24. Bc1 f5 25. Nf4 Re8 26. Nxg6 Kh7 27. Nh4 Rec8 28. Bd2 Nf8 29. Nxf5 Ne6 30. Rh3 Rf7 31. Nxg7 Rxf1+ 32. Kxf1 Rf8+ 33. Ke2 Nxg7 34. Bxh6 Rc8 35. Bxg7+ Kxg7 36. Kd3 Rc4 37. Rf3 Rc6 38. g4 b5 39. h4 Ra6 40. Rf2 Re6 41. g5 a5 42. Rf6 1-0

[Event "Quebec Elite qual."]
[Site "Gatineau CAN"]
[Date "2013.01.15"]
[Round "1"]
[White "Guimond, Michel"]
[Black "Rose, Richard1"]
[Result "1/2-1/2"]
[WhiteElo "1930"]
[BlackElo "1894"]
[PlyCount "59"]
[GameId "2160767909382041"]
[EventDate "2013.01.15"]
[EventType "swiss"]
[EventRounds "5"]
[EventCountry "CAN"]
[SourceTitle "EXT 2022"]
[Source "ChessBase"]
[SourceDate "2021.10.06"]
[SourceVersion "1"]
[SourceVersionDate "2021.10.06"]
[SourceQuality "1"]

1. e4 c5 2. Nf3 Nc6 3. d4 cxd4 4. Nxd4 d6 5. Be3 Nf6 6. f3 e6 7. Bc4 Be7 8. Nc3 a6 9. a4 d5 10. Nxc6 bxc6 11. Bb3 Bb4 12. a5 c5 13. Ba4+ Bd7 14. e5 Ng8 15. Bxd7+ Qxd7 16. Bd2 Bxc3 17. bxc3 Ne7 18. O-O O-O 19. Be3 Qc7 20. f4 Rfb8 21. Qc1 Rb5 22. Ra4 Rxa5 23. Qa3 Rxa4 24. Qxa4 Nf5 25. Bf2 Qb6 26. g4 Ne7 27. Qa3 Rc8 28. Ra1 Rc6 29. Qa5 Qxa5 30. Rxa5 1/2-1/2

[Event "Quebec Elite qual."]
[Site "Gatineau CAN"]
[Date "2013.01.15"]
[Round "1"]
[White "Jiang, Qizhe"]
[Black "Legare, Gilles"]
[Result "1-0"]
[WhiteElo "1470"]
[BlackElo "1065"]
[PlyCount "69"]
[GameId "2160767909382042"]
[EventDate "2013.01.15"]
[EventType "swiss"]
[EventRounds "5"]
[EventCountry "CAN"]
[SourceTitle "EXT 2022"]
[Source "ChessBase"]
[SourceDate "2021.10.06"]
[SourceVersion "1"]
[SourceVersionDate "2021.10.06"]
[SourceQuality "1"]

1. e4 e6 2. d4 d5 3. e5 c5 4. c3 cxd4 5. cxd4 Bd7 6. Qb3 b6 7. Nc3 a5 8. a3 Be7 9. Qc2 Bg5 10. Nf3 Bxc1 11. Rxc1 Ne7 12. Bd3 Ng6 13. Qd2 O-O 14. O-O Qe8 15. Rfe1 Bc6 16. Ne2 Bb5 17. Bxb5 Qxb5 18. Nc3 Qe8 19. Rc2 b5 20. Qd3 Nf4 21. Qxb5 Qe7 22. Ne2 Nxe2+ 23. Qxe2 Nd7 24. Rc7 f6 25. exf6 Rxf6 26. Ne5 Qd6 27. Rxd7 Qb8 28. Ng4 Rg6 29. Re7 Qd6 30. Rxe6 Qf4 31. Re8+ Rxe8 32. Qxe8+ Qf8 33. Qxf8+ Kxf8 34. Ne5 Rb6 35. Nd7+ 1-0

[Event "Quebec Elite qual."]
[Site "Gatineau CAN"]
[Date "2013.01.15"]
[Round "1"]
[White "Jobin, Gilles G"]
[Black "Gagnon, Fabien"]
[Result "1-0"]
[WhiteElo "1762"]
[BlackElo "1925"]
[PlyCount "83"]
[GameId "2160767909382043"]
[EventDate "2013.01.15"]
[EventType "swiss"]
[EventRounds "5"]
[EventCountry "CAN"]
[SourceTitle "EXT 2022"]
[Source "ChessBase"]
[SourceDate "2021.10.06"]
[SourceVersion "1"]
[SourceVersionDate "2021.10.06"]
[SourceQuality "1"]

1. Nf3 g6 2. g3 c5 3. c4 Bg7 4. Bg2 Nf6 5. Nc3 O-O 6. d3 Nc6 7. O-O a6 8. a3 Rb8 9. Bd2 d6 10. Rb1 b5 11. cxb5 axb5 12. b4 cxb4 13. axb4 e5 14. Qc1 Ne7 15. Bh6 Be6 16. Bxg7 Kxg7 17. Ng5 Bd7 18. Nge4 Nxe4 19. Nxe4 Qb6 20. Qb2 Rbc8 21. Rfc1 f5 22. Rxc8 Bxc8 23. Nd2 f4 24. gxf4 Rxf4 25. e3 Rg4 26. h3 Rg5 27. Ne4 Rh5 28. Ng3 Rh4 29. Kh2 Bb7 30. Bxb7 Qxb7 31. Qe2 Qc8 32. Qf1 g5 33. Rc1 Qd7 34. e4 g4 35. Qe2 Rxh3+ 36. Kg1 h5 37. Qe3 h4 38. Qg5+ Kf7 39. Nh5 Qe6 40. Qg7+ Ke8 41. Nf6+ Kd8 42. Qf8# 1-0

[Event "Quebec Elite qual."]
[Site "Gatineau CAN"]
[Date "2013.01.15"]
[Round "1"]
[White "Labelle, Julien Sylvain"]
[Black "Berthiaume, Serge"]
[Result "0-1"]
[WhiteElo "1055"]
[BlackElo "1424"]
[PlyCount "60"]
[GameId "2160767909382044"]
[EventDate "2013.01.15"]
[EventType "swiss"]
[EventRounds "5"]
[EventCountry "CAN"]
[SourceTitle "EXT 2022"]
[Source "ChessBase"]
[SourceDate "2021.10.06"]
[SourceVersion "1"]
[SourceVersionDate "2021.10.06"]
[SourceQuality "1"]

1. e4 g6 2. d4 Bg7 3. Nf3 e6 4. Nc3 Ne7 5. Be2 c5 6. Be3 Nbc6 7. O-O a6 8. d5 exd5 9. Bxc5 Bxc3 10. bxc3 dxe4 11. Ne1 O-O 12. Be3 b5 13. Qd6 Nf5 14. Bc5 Nxd6 15. Bxd6 Re8 16. Rd1 Qf6 17. f3 e3 18. Rd3 Ne5 19. Rd5 Bb7 20. Rd4 Rac8 21. f4 Nc4 22. Nf3 Nxd6 23. Rfd1 Bxf3 24. Bxf3 e2 25. Re1 Rxc3 26. Rxd6 Qxd6 27. Rxe2 Rxe2 28. Bxe2 Qd4+ 29. Kf1 Rxc2 30. Ke1 Rc1+ 0-1

[Event "Quebec Elite qual."]
[Site "Gatineau CAN"]
[Date "2013.01.15"]
[Round "1"]
[White "Piche, Guy"]
[Black "Kouassi, Karen"]
[Result "1-0"]
[WhiteElo "1543"]
[BlackElo "1181"]
[PlyCount "61"]
[GameId "2160767909382045"]
[EventDate "2013.01.15"]
[EventType "swiss"]
[EventRounds "5"]
[EventCountry "CAN"]
[SourceTitle "EXT 2022"]
[Source "ChessBase"]
[SourceDate "2021.10.06"]
[SourceVersion "1"]
[SourceVersionDate "2021.10.06"]
[SourceQuality "1"]

1. f4 d5 2. e3 Nf6 3. Nf3 Nc6 4. b3 Bf5 5. Bb5 a6 6. Bxc6+ bxc6 7. Bb2 e6 8. Ne5 Qd6 9. O-O Be7 10. d4 O-O 11. Ba3 Qd8 12. Nxc6 Qd7 13. Nxe7+ Kh8 14. Nxf5 exf5 15. Bxf8 Rxf8 16. Nd2 Qd6 17. c4 c5 18. dxc5 Qxc5 19. Qf3 Re8 20. Rfe1 a5 21. Rac1 Ng4 22. Qxd5 Qe7 23. Qxf5 Nxe3 24. Qd3 Qc5 25. Kh1 g6 26. Ne4 Qc7 27. Qxe3 f5 28. Qd4+ Kg8 29. Nf6+ Kf7 30. Nxe8 Qc6 31. Qg7# 1-0

[Event "Quebec Elite qual."]
[Site "Gatineau CAN"]
[Date "2013.01.15"]
[Round "1"]
[White "Potvin, Daniel"]
[Black "Desjardins, Michel"]
[Result "0-1"]
[WhiteElo "1676"]
[BlackElo "1911"]
[PlyCount "108"]
[GameId "2160767909382046"]
[EventDate "2013.01.15"]
[EventType "swiss"]
[EventRounds "5"]
[EventCountry "CAN"]
[SourceTitle "EXT 2022"]
[Source "ChessBase"]
[SourceDate "2021.10.06"]
[SourceVersion "1"]
[SourceVersionDate "2021.10.06"]
[SourceQuality "1"]

1. e4 d5 2. exd5 Qxd5 3. Nc3 Qd6 4. Nf3 Nf6 5. d4 a6 6. Be2 Bf5 7. O-O Nc6 8. a3 O-O-O 9. Be3 e5 10. dxe5 Nxe5 11. Qxd6 Nxf3+ 12. Bxf3 Bxd6 13. Rac1 Bg4 14. Be2 Bxe2 15. Nxe2 Ng4 16. Bf4 Rhe8 17. Bxd6 Rxd6 18. Ng3 g6 19. h3 Nf6 20. Rfd1 Red8 21. Rxd6 Rxd6 22. Kf1 Nd5 23. Ne4 Rb6 24. c4 Nf4 25. b4 h6 26. Rd1 f5 27. Nc5 Rc6 28. Rd4 g5 29. h4 b6 30. hxg5 hxg5 31. Nxa6 Ne6 32. Rd5 Rxc4 33. Rxf5 Nd4 34. Re5 Rc1+ 35. Re1 Rxe1+ 36. Kxe1 Nc2+ 37. Kd2 Nxa3 38. b5 Nxb5 39. Nb4 Kd7 40. g4 Kd6 41. Ke3 c5 42. Nd3 Nc3 43. Kd2 Nd5 44. Ke2 c4 45. Ne1 b5 46. Nf3 Nf4+ 47. Ke3 Ne6 48. Ne1 b4 49. Kd2 Kc5 50. Nc2 b3 51. Na3 Kb4 52. Nb1 Nc5 53. f3 Na4 54. Kc1 c3 0-1

[Event "Quebec Elite qual."]
[Site "Gatineau CAN"]
[Date "2013.01.15"]
[Round "1"]
[White "Scantland, Patrick"]
[Black "Choiniere, Rene"]
[Result "1-0"]
[WhiteElo "1909"]
[BlackElo "1589"]
[PlyCount "59"]
[GameId "2160767909382047"]
[EventDate "2013.01.15"]
[EventType "swiss"]
[EventRounds "5"]
[EventCountry "CAN"]
[SourceTitle "EXT 2022"]
[Source "ChessBase"]
[SourceDate "2021.10.06"]
[SourceVersion "1"]
[SourceVersionDate "2021.10.06"]
[SourceQuality "1"]

1. d4 Nf6 2. c4 e6 3. Nf3 d5 4. Nc3 c6 5. cxd5 exd5 6. Qc2 Be7 7. Bg5 Nbd7 8. e3 O-O 9. Bd3 h6 10. h4 c5 11. O-O-O cxd4 12. Nxd4 Ne5 13. Bxf6 Nxd3+ 14. Qxd3 Bxf6 15. g3 Be6 16. f4 Bg4 17. Rd2 Rc8 18. Kb1 Bxd4 19. Qxd4 Bf3 20. Rhh2 Rxc3 21. bxc3 Be4+ 22. Kb2 Qa5 23. Qb4 Qc7 24. Rd4 a5 25. Qb3 b5 26. Rhd2 Rc8 27. Rxd5 Bxd5 28. Rxd5 b4 29. c4 a4 30. Qxb4 1-0

[Event "Quebec Elite qual."]
[Site "Gatineau CAN"]
[Date "2013.01.15"]
[Round "1"]
[White "Simard, Paul"]
[Black "Raymond, Daniel"]
[Result "0-1"]
[WhiteElo "1221"]
[BlackElo "1545"]
[PlyCount "106"]
[GameId "2160767909382048"]
[EventDate "2013.01.15"]
[EventType "swiss"]
[EventRounds "5"]
[EventCountry "CAN"]
[SourceTitle "EXT 2022"]
[Source "ChessBase"]
[SourceDate "2021.10.06"]
[SourceVersion "1"]
[SourceVersionDate "2021.10.06"]
[SourceQuality "1"]

1. e4 c5 2. Nf3 d6 3. Bc4 Nc6 4. d4 cxd4 5. Nxd4 e5 6. Nf3 Bg4 7. Be3 Nf6 8. Nc3 Be7 9. h3 Bh5 10. O-O O-O 11. Qd2 Bxf3 12. gxf3 Rc8 13. a3 a6 14. f4 Nd4 15. Bxd4 Rxc4 16. fxe5 dxe5 17. Be3 Qxd2 18. Bxd2 Nxe4 19. Nxe4 Rxe4 20. Kh2 Re2 21. Bc3 f6 22. b4 Rxc2 23. Be1 Rd8 24. Rg1 f5 25. Kh1 Bf6 26. Rb1 Rd3 27. Rg3 Rxg3 28. fxg3 Ra2 29. a4 Rxa4 30. Bd2 e4 31. Rc1 Ra1 32. Be3 Rxc1+ 33. Bxc1 Bc3 34. Kg2 Bxb4 35. Be3 a5 36. g4 g6 37. Kg3 Kf7 38. Kf4 fxg4 39. hxg4 a4 40. Kxe4 Bc3 41. Kd3 Bb2 42. Kc2 a3 43. Kb1 h5 44. g5 h4 45. Bc5 h3 46. Ka2 h2 47. Bxa3 Bxa3 48. Kxa3 h1=Q 49. Ka4 Qb1 50. Ka5 Ke6 51. Ka4 Kd5 52. Ka3 Kc4 53. Ka4 Qb4# 0-1

[Event "Quebec Elite qual."]
[Site "Gatineau CAN"]
[Date "2013.01.15"]
[Round "1"]
[White "Traversy, Pierre"]
[Black "Lemieux, Denis"]
[Result "0-1"]
[WhiteElo "1129"]
[BlackElo "1522"]
[PlyCount "128"]
[GameId "2160767909382049"]
[EventDate "2013.01.15"]
[EventType "swiss"]
[EventRounds "5"]
[EventCountry "CAN"]
[SourceTitle "EXT 2022"]
[Source "ChessBase"]
[SourceDate "2021.10.06"]
[SourceVersion "1"]
[SourceVersionDate "2021.10.06"]
[SourceQuality "1"]

1. e4 e5 2. Nc3 Bc5 3. Nf3 d6 4. d4 exd4 5. Nxd4 Bd7 6. Be3 a6 7. a3 c6 8. Qd2 Qe7 9. Be2 Nf6 10. Bf3 Ng4 11. Nce2 Nxe3 12. Qxe3 O-O 13. c3 Re8 14. Ng3 Qe5 15. O-O Ba7 16. b4 d5 17. Rfe1 dxe4 18. Qxe4 Qxe4 19. Rxe4 Rxe4 20. Nxe4 Bxd4 21. cxd4 a5 22. Nc5 axb4 23. a4 Bc8 24. d5 cxd5 25. Bxd5 Nc6 26. Re1 Kf8 27. f4 Ra7 28. Rc1 Ne7 29. Bb3 Bf5 30. Rd1 Ke8 31. h3 h5 32. Re1 b6 33. Ne4 Rd7 34. Ng5 f6 35. Be6 Bxe6 36. Nxe6 Kf7 37. f5 Nxf5 38. Nf4 g6 39. Rb1 Rd4 40. Ne2 Re4 41. Kf2 Ke6 42. Kf3 Ke5 43. Kf2 h4 44. Kf3 Nd4+ 45. Nxd4 Rxd4 46. Rb3 Kd5 47. Ke3 f5 48. Rd3 f4+ 49. Ke2 Kc4 50. Rf3 b3 51. Rf1 b2 52. Kf3 Kb3 53. Kg4 Rxa4 54. Kg5 Ka2 55. Kxg6 b1=Q+ 56. Rxb1 Kxb1 57. Kg5 b5 58. Kg4 Kc2 59. Kf3 Kd3 60. Kf2 b4 61. Ke1 b3 62. Kf2 b2 63. Kf1 b1=Q+ 64. Kf2 Ra2+ 0-1

[Event "Quebec Elite qual."]
[Site "Gatineau CAN"]
[Date "2013.01.22"]
[Round "2"]
[White "Berthiaume, Serge"]
[Black "Raymond, Robert"]
[Result "1-0"]
[WhiteElo "1424"]
[BlackElo "1376"]
[PlyCount "69"]
[GameId "2160767909382050"]
[EventDate "2013.01.15"]
[EventType "swiss"]
[EventRounds "5"]
[EventCountry "CAN"]
[SourceTitle "EXT 2022"]
[Source "ChessBase"]
[SourceDate "2021.10.06"]
[SourceVersion "1"]
[SourceVersionDate "2021.10.06"]
[SourceQuality "1"]

1. d4 f5 2. Nf3 Nf6 3. Bg5 g6 4. Bxf6 exf6 5. e3 Bg7 6. c3 O-O 7. Bc4+ Kh8 8. Qb3 d6 9. Nbd2 b6 10. O-O-O Bb7 11. h4 Re8 12. h5 g5 13. Be6 Be4 14. Nxe4 fxe4 15. Nd2 Qe7 16. Bf5 c6 17. Bxe4 d5 18. Bf5 Rd8 19. f4 Qxe3 20. fxg5 Qxg5 21. g4 Qf4 22. Kb1 Qd6 23. Qc2 h6 24. Nf3 Nd7 25. Nh4 Nf8 26. Bg6 Qc7 27. Rde1 c5 28. Re2 Rab8 29. Nf5 c4 30. Qd2 Nxg6 31. hxg6 Re8 32. Nxh6 Re7 33. Nf5+ Kg8 34. Rxe7 Qd8 35. Rxg7+ 1-0